[Event "Mittelfrank Regionalliga Nord-West 2223"]
[Site "Mittelfranken"]
[Date "2022.11.27"]
[Round "3.3"]
[White "Koch, Christian1"]
[Black "Fuks, Boris"]
[Result "0-1"]
[WhiteElo "1970"]
[BlackElo "2029"]
[PlyCount "58"]
[EventDate "2022.10.09"]
[EventType "team-tourn"]
[EventRounds "9"]
[EventCountry "GER"]
[SourceTitle "EXT 2024"]
[Source "ChessBase"]
[SourceDate "2023.10.10"]
[SourceVersion "1"]
[SourceVersionDate "2023.10.10"]
[SourceQuality "1"]
[WhiteTeam "Hoechstadt/Aisch"]
[BlackTeam "Aschaffenburg"]
[WhiteTeamCountry "GER"]
[BlackTeamCountry "GER"]

1. e4 e5 2. f4 Bc5 3. Nf3 d6 4. d4 exd4 5. Nxd4 Nf6 6. Nc3 0-0 7. Be3 Re8 8. Qf3 Bg4 9. Qg3 Bxd4 10. Bxd4 Nxe4 11. Qxg4 Nf6+ 12. Qe2 Rxe2+ 13. Bxe2 Nc6 14. Bf2 Qd7 15. 0-0-0 Ng4 16. Bh4 Re8 17. Bf3 Qf5 18. Bg3 Ne3 19. Rd2 Nb4 20. Re1 Nbxc2 21. Ree2 Nb4 22. Rd5 Nbxd5 23. Nxd5 Qd3 24. Nxe3 Rxe3 25. Rd2 Rxf3 26. gxf3 Qxf3 27. Rc2 c6 28. Rc3 Qh1+ 29. Kd2 Qd5+ 0-1

[Event "Mittelfrank Regionalliga Nord-West 2122"]
[Site "Mittelfranken"]
[Date "2021.11.14"]
[Round "2.3"]
[White "Kartsev, Alexandr"]
[Black "Fuks, Boris"]
[Result "1/2-1/2"]
[WhiteElo "2090"]
[BlackElo "2047"]
[PlyCount "92"]
[EventDate "2021.10.24"]
[EventType "team-tourn"]
[EventRounds "9"]
[EventCountry "GER"]
[SourceTitle "EXT 2024"]
[Source "ChessBase"]
[SourceDate "2023.10.10"]
[SourceVersion "1"]
[SourceVersionDate "2023.10.10"]
[SourceQuality "1"]
[WhiteTeam "Bad Neustadt"]
[BlackTeam "Aschaffenburg"]
[WhiteTeamCountry "GER"]
[BlackTeamCountry "GER"]

1. e4 c5 2. c3 Nf6 3. e5 Nd5 4. d4 e6 5. Nf3 d6 6. c4 Nb6 7. dxc5 dxc5 8. Qxd8+ Kxd8 9. Nc3 Bd7 10. Bg5+ Be7 11. 0-0-0 h6 12. Be3 Nc8 13. Bd3 a6 14. Be4 Kc7 15. Rd2 Rd8 16. Rhd1 Nb6 17. b3 Nc6 18. Bb1 Be8 19. h4 Rxd2 20. Rxd2 Nd7 21. Bf4 Nd4 22. Nxd4 cxd4 23. Rxd4 Bxh4 24. Ne4 Nb8 25. Rd2 Nc6 26. Bh2 Rd8 27. Nd6 Bg5 28. f4 Be7 29. c5 Bxd6 30. cxd6+ Kd7 31. Be4 Kc8 32. Kb2 Bd7 33. a3 Rg8 34. b4 g5 35. g3 gxf4 36. gxf4 Nd8 37. Rc2+ Bc6 38. f5 Kd7 39. fxe6+ Kxe6 40. Bd3 Rg2 41. Kc3 h5 42. Kd4 h4 43. Bc4+ Kd7 44. Rxg2 Bxg2 45. Kc5 Ne6+ 46. Bxe6+ Kxe6 1/2-1/2

[Event "Regionalliga NW 1415"]
[Site "Bayern"]
[Date "2014.12.07"]
[Round "4.1"]
[White "Fuks, Boris"]
[Black "Schindler, Viktor"]
[Result "1/2-1/2"]
[WhiteElo "2119"]
[BlackElo "2141"]
[PlyCount "26"]
[EventDate "2014.10.19"]
[EventType "team-tourn"]
[EventRounds "9"]
[EventCountry "GER"]
[SourceTitle "EXT 2018"]
[Source "ChessBase"]
[SourceDate "2017.10.13"]
[SourceVersion "1"]
[SourceVersionDate "2017.10.13"]
[SourceQuality "1"]
[WhiteTeam "Aschaffenburg Schweinheim"]
[BlackTeam "Hof PTSV"]
[WhiteTeamCountry "GER"]
[BlackTeamCountry "GER"]

1. d4 f5 2. Bg5 g6 3. e3 Bg7 4. h4 h6 5. Bf4 Nf6 6. Nf3 d6 7. Bc4 c6 8. Nbd2 Na6 9. c3 Nc7 10. Qe2 Ncd5 11. Bb3 a5 12. a4 Qb6 13. Rb1 Be6 1/2-1/2

[Event "Regionalliga NW 0607"]
[Site "Bayern"]
[Date "2007.04.22"]
[Round "9.1"]
[White "Braeutigam, Thomas"]
[Black "Fuks, Boris"]
[Result "1/2-1/2"]
[WhiteElo "2004"]
[BlackElo "2124"]
[PlyCount "56"]
[EventDate "2006.10.15"]
[EventType "team-tourn"]
[EventRounds "9"]
[EventCountry "GER"]
[SourceTitle "EXT 2008"]
[Source "ChessBase"]
[SourceDate "2007.11.25"]
[SourceVersion "1"]
[SourceVersionDate "2007.11.25"]
[SourceQuality "1"]
[WhiteTeam "Wuerzburg II"]
[BlackTeam "Schweinheim"]
[WhiteTeamCountry "GER"]
[BlackTeamCountry "GER"]

1. e4 Nf6 2. e5 Nd5 3. d4 d6 4. c4 Nb6 5. exd6 cxd6 6. Nc3 g6 7. Be3 Bg7 8. Rc1 0-0 9. Be2 Nc6 10. Nf3 Bg4 11. b3 d5 12. c5 Nc8 13. 0-0 Bxf3 14. Bxf3 e6 15. Qd2 a6 16. Ne2 N8e7 17. Rfd1 Nf5 18. Bg4 Nxe3 19. fxe3 Bh6 20. Bf3 Qg5 21. Nf4 e5 22. dxe5 d4 23. Bxc6 dxe3 24. Qxe3 bxc6 25. Rc4 Rfe8 26. Qf3 Qxe5 27. g3 Rad8 28. Rf1 Bxf4 1/2-1/2

[Event "Regionalliga NW 0607"]
[Site "Bayern"]
[Date "2006.10.29"]
[Round "2.1"]
[White "Fuks, Boris"]
[Black "Kunz, Konstantin"]
[Result "1/2-1/2"]
[WhiteElo "2124"]
[BlackElo "2126"]
[PlyCount "130"]
[EventDate "2006.10.15"]
[EventType "team-tourn"]
[EventRounds "9"]
[EventCountry "GER"]
[SourceTitle "EXT 2008"]
[Source "ChessBase"]
[SourceDate "2007.11.25"]
[SourceVersion "1"]
[SourceVersionDate "2007.11.25"]
[SourceQuality "1"]
[WhiteTeam "Schweinheim"]
[BlackTeam "Kitzingen"]
[WhiteTeamCountry "GER"]
[BlackTeamCountry "GER"]

1. e4 c5 2. Nf3 e6 3. d4 cxd4 4. Nxd4 Nc6 5. Be3 Nf6 6. Nc3 Qc7 7. f3 a6 8. Qe2 Bb4 9. Qc4 d5 10. Qb3 Qa5 11. Nxc6 bxc6 12. Bd4 c5 13. Bxf6 gxf6 14. exd5 exd5 15. Qxd5 Bxc3+ 16. bxc3 Qxc3+ 17. Kf2 0-0 18. Bd3 Be6 19. Qh5 Qd4+ 20. Ke2 Qe5+ 21. Qxe5 fxe5 22. a4 c4 23. Be4 Rab8 24. Rhb1 Rfd8 25. g4 h6 26. a5 Bd7 27. Rb6 Bb5 28. c3 Kg7 29. Rb1 Rbc8 30. R6xb5 axb5 31. Rxb5 Rd6 32. Bb7 Rcd8 33. a6 Rd2+ 34. Ke3 R8d3+ 35. Ke4 Re2+ 36. Kf5 Ra2 37. Kxe5 Rxc3 38. Kd4 Rca3 39. Kxc4 Rxa6 40. Bxa6 Rxa6 41. Kd4 Ra2 42. Rh5 Kg6 43. Rh3 Ra4+ 44. Ke3 Ra3+ 45. Kf4 Ra4+ 46. Kg3 Ra3 47. Rh5 Rb3 48. Rf5 Ra3 49. Rc5 Ra7 50. Rc6+ Kg7 51. h4 Ra5 52. Rc4 Rb5 53. Rc3 Ra5 54. f4 Ra1 55. h5 Rg1+ 56. Kf3 Rf1+ 57. Ke4 Re1+ 58. Kf5 Rh1 59. Rc6 Rh2 60. g5 hxg5 61. Kxg5 Rg2+ 62. Kf5 Rh2 63. h6+ Rxh6 64. Rxh6 Kxh6 65. Kf6 Kh5 1/2-1/2

[Event "Regionalliga NW 0405"]
[Site "Bayern"]
[Date "2005.01.16"]
[Round "5.2"]
[White "Breithut, Kurt Georg"]
[Black "Fuks, Boris"]
[Result "1/2-1/2"]
[WhiteElo "2137"]
[BlackElo "2112"]
[PlyCount "25"]
[EventDate "2004.10.24"]
[EventType "team-tourn"]
[EventRounds "9"]
[EventCountry "GER"]
[SourceTitle "EXT 2007"]
[Source "ChessBase"]
[SourceDate "2006.11.23"]
[SourceVersion "1"]
[SourceVersionDate "2006.11.23"]
[SourceQuality "1"]
[WhiteTeam "Kronach"]
[BlackTeam "Schweinheim"]
[WhiteTeamCountry "GER"]
[BlackTeamCountry "GER"]

1. Nf3 f5 2. g3 Nf6 3. Bg2 e6 4. d4 d5 5. Bg5 Bd6 6. e3 Nbd7 7. Nbd2 0-0 8. c3 Qe8 9. Bf4 e5 10. dxe5 Nxe5 11. Nxe5 Bxe5 12. Bxe5 Qxe5 13. Nf3 1/2-1/2

[Event "Regionalliga NW 0405"]
[Site "Bayern"]
[Date "2004.12.12"]
[Round "4.1"]
[White "Fuks, Boris"]
[Black "Kraeussling, Andreas"]
[Result "0-1"]
[WhiteElo "2112"]
[BlackElo "2126"]
[PlyCount "38"]
[EventDate "2004.10.24"]
[EventType "team-tourn"]
[EventRounds "9"]
[EventCountry "GER"]
[SourceTitle "EXT 2007"]
[Source "ChessBase"]
[SourceDate "2006.11.23"]
[SourceVersion "1"]
[SourceVersionDate "2006.11.23"]
[SourceQuality "1"]
[WhiteTeam "Schweinheim"]
[BlackTeam "Schweinfurt"]
[WhiteTeamCountry "GER"]
[BlackTeamCountry "GER"]

1. e4 c5 2. Nf3 Nc6 3. d4 cxd4 4. Nxd4 Qb6 5. Nb3 Nf6 6. Nc3 e6 7. Be3 Qc7 8. a3 a6 9. Qd2 b5 10. f3 b4 11. Na4 bxa3 12. bxa3 Rb8 13. Nac5 d5 14. Nxa6 Bxa6 15. Bxa6 Bd6 16. exd5 Nxd5 17. Bd3 Be5 18. 0-0-0 Nxe3 19. Qxe3 Bf4 0-1

[Event "Regionalliga NW 0405"]
[Site "Bayern"]
[Date "2004.10.24"]
[Round "1.1"]
[White "Schindler, Viktor"]
[Black "Fuks, Boris"]
[Result "0-1"]
[WhiteElo "2142"]
[BlackElo "2112"]
[PlyCount "65"]
[EventDate "2004.10.24"]
[EventType "team-tourn"]
[EventRounds "9"]
[EventCountry "GER"]
[SourceTitle "EXT 2007"]
[Source "ChessBase"]
[SourceDate "2006.11.23"]
[SourceVersion "1"]
[SourceVersionDate "2006.11.23"]
[SourceQuality "1"]
[WhiteTeam "Hof"]
[BlackTeam "Schweinheim"]
[WhiteTeamCountry "GER"]
[BlackTeamCountry "GER"]

1. e4 Nf6 2. e5 Nd5 3. d4 d6 4. Nf3 g6 5. Bc4 Nb6 6. Bb3 Bg7 7. 0-0 0-0 8. h3 Nc6 9. Bf4 a5 10. a4 dxe5 11. dxe5 Qxd1 12. Rxd1 Bf5 13. Nc3 Rac8 14. Nb5 h6 15. Nbd4 Be4 16. e6 f6 17. Nxc6 bxc6 18. Bd2 c5 19. Bxa5 c4 20. Ba2 Bxc2 21. Rd7 Bxa4 22. Rxe7 Nd5 23. Rf7 Bb3 24. Bxb3 cxb3 25. Rd7 c6 26. e7 Rfe8 27. Bd8 f5 28. Rb7 Bxb2 29. Rb1 Bf6 30. R1xb3 c5 31. Rd3 Nf4 32. Rd2 c4 33. Rc2 0-1